In search of a theory of polarization: lessons from Venezuela: 1999-2005 /
Uloženo v:
| Hlavní autor: | |
|---|---|
| Médium: | Text |
| Témata: | |
| Tagy: |
Přidat tag
Žádné tagy, Buďte první, kdo vytvoří štítek k tomuto záznamu!
|
MARC
| LEADER | 00000 a a2200000 04500 | ||
|---|---|---|---|
| 001 | 16282 | ||
| 003 | |||
| 040 | |||
| 100 | |a Corrales, Javier | ||
| 245 | |a In search of a theory of polarization: |b lessons from Venezuela: 1999-2005 / |c Javier Corrales | ||
| 650 | |a TEORIA POLITICA | ||
| 650 | |a DESARROLLO POLITICO | ||
| 650 | |a CONFLICTOS POLITICOS | ||
| 650 | |a VENEZUELA | ||
| 773 | |g número 79; páginas 105-118 | ||
| 999 | |c 32347 |d 32347 | ||
